| 000 | 00340nam a2200133Ia 4500 | ||
|---|---|---|---|
| 008 | 230524s9999 xx 000 0 und d | ||
| 100 |
_aNeil Matthew _924337 |
||
| 245 | 0 | _aLinux Programming Beginning | |
| 260 |
_aNEW DELHI _bWiley |
||
| 500 | _aQuantity Number: 1 | ||
| 650 | _aComp-Sc | ||
| 700 |
_a Richard Stones _924338 |
||
| 942 | _cBK | ||
| 999 |
_c35909 _d35909 |
||